000 00314nam a22001337a 4500
008 170623b xxu||||| |||| 00| 0 eng d
020 _a0394746910
041 _aeng
080 _a94
100 _a16
101 _aSHH
245 _aHARD AN ORAL HISTORY OF THE GREAT DEPRESION TIMES
_cTERKEL,S
942 _2udc
_cBK
999 _c19085
_d19085